000 01164cam a2200325 a 4500
999 _c200429358
_d47282
001 AOS-2699
003 TR-AnTOB
005 20230619143941.0
008 980417s1990 tur b 00100 tur
020 _a9751706958
040 _aTR-AnTOB
_cTR-AnTOB
_beng
_erda
041 0 _atur
050 4 _aPN5449.T8
_b.Z98 1990
090 4 _aPN5449.T8
_b.Z98 1990
100 1 _aTuncer, Hüseyin
_4author
_914153
245 1 0 _aTürk yurdu (1911-1931) üzerine bir inceleme /
_cHüseyin Tuncer.
264 _aAnkara :
_bKültür Bakanlığı,
_c1990.
300 _axi, 547 p.
_c13 cm
336 _2rdacontent
_atext
_btxt
337 _2rdamedia
_aunmediated
_bn
338 _2 rdacarrier
_avolume
_bnc
490 0 _aKültür Bakanlığı yayınları ;
_v1214.
_aKaynak eserler dizisi ;
_v48
500 _aTitle on cover: Türk yurdu üzerine bir inceleme.
500 _aISBN from p. [4] of cover; ISBN (invalid) 9751706958 on verso of t.p.
504 _aIncludes bibliographical references (p. 514-524) and index.
650 0 _aTürk süreli yayınları
_xTarih
_9125507
650 0 _aTurkish periodicals
_xHistory
_980528
942 _2lcc
_cBK